Представление документа в формате RUSMARC

ПолеНазваниеЗначение
  Тип записи a
  Библиографический уровень m
001 Контрольный номер RU/CBS_UL/BASE/01dd581d2abf4587afe29cc6dc8ed266
005 Дата корректировки 20260121084208.8
010 Индекс ISBN __
a ISBN
d Цена 25 к.
9 Тираж экз.
100 Данные общей обработки __
a Данные общей обработки 20260121d 0rusy0189## ca
101 Язык документа 0_
a Язык текста rus
102 Страна публикации __
a Страна публикации RU
200 Заглавие и сведения об ответственности 1_
a Заглавие Госприемка экзаменует
e Сведения, относящиеся к заглавию (из опыта работы Купавинской ордена Ленина тонкосуконной фабрики им. И. Н. Акимова)
f Первые сведения об ответственности Н. А. Румянцева, И. М. Симак, А. С. Тринкман
210 Выходные данные 1_
a Место издания Москва
c Издательство Легпромбытиздат
d Дата издания 1988
215 Физическое описание __
a Объем 63 с.
d Формат см.
300 Общие примечания __
a Общие примечания 18+
300 Общие примечания __
a Общие примечания Под инв. номером 27034: 5-1
606 Тематические рубрики 0_
a Основная рубрика Экономика отраслей промышленности
610 Ключевые слова 0_
a Ключевые слова отрасли промышленности; экономика; ткани шерстяные; госприемка
686 Индексы других классификаций __
2 Код системы rubbk
a Классификационный индекс 65.304.22
700 Автор _1
a Фамилия Румянцева
b Имя (инициалы) Н. А.
g Полное личное имя Нина Андреевна
701 Альтернативная интеллектуальная ответственность _1
a Фамилия Симак
b Имя (инициалы) И. М.
701 Альтернативная интеллектуальная ответственность _1
a Фамилия Тринкман
b Имя (инициалы) А. С.
801 Источник записи _0
a Страна RU
b Организация МБУК ЦБС г. Ульяновска
c Дата составления 20260121
g Правила каталогизации RCR
801 Источник записи _1
a Страна RU
b Организация МБУК ЦБС г. Ульяновска
c Дата составления 20260121
g Правила каталогизации RCR
852 Данные о местонахождении __
i Авторский знак Р 86
j Шифр хранения 65.304
901 Тип документа __
t Тип документа m
909 Создатель записи __
a Создатель записи obr6
b Дата создания записи 20260121